|
|
|
|
| LEADER |
00000nam0a2200000 4500 |
| 001 |
148071 |
| 005 |
20231101221334.0 |
| 010 |
|
|
|a 9785394002090
|
| 035 |
|
|
|a (RuTPU)RU\TPU\book\160504
|
| 090 |
|
|
|a 148071
|
| 100 |
|
|
|a 20081126d2009 m y0rusy50 ca
|
| 101 |
0 |
|
|a rus
|
| 102 |
|
|
|a RU
|
| 105 |
|
|
|a y j 001zy
|
| 200 |
1 |
|
|a Деловое общение
|e учебное пособие
|f М. А. Измайлова
|
| 205 |
|
|
|a 2-е изд.
|
| 210 |
|
|
|a Москва
|c Дашков и К
|d 2009
|
| 215 |
|
|
|a 252 с.
|
| 320 |
|
|
|a Библиогр.: с. 182-185.
|
| 330 |
|
|
|a Настоящее учебное пособие обобщает теоретический, методологический и практический материал в области делового общения. В нем освещены вопросы коммуникативной компетентности современного специалиста, всесторонне рассмотрены феномен "общение", вербальные и невербальные средства коммуникации, раскрыты коммуникативные барьеры и правила их преодоления, рассмотрены формы деловой коммуникации (включая деловую беседу, совещание, переговоры, публичное выступление), приложены особенности телефонного общения и деловой переписки, затронуты проблемы конфликтогенности в деловой среде. Для преподавателей и студентов вузов и всех, кто интересуется проблемами делового общения.
|
| 606 |
1 |
|
|a Деловое общение
|x Менеджмент
|2 stltpush
|3 (RuTPU)RU\TPU\subj\67730
|9 83422
|
| 610 |
1 |
|
|a менеджмент
|
| 610 |
1 |
|
|a психология
|
| 610 |
1 |
|
|a деловые коммуникации
|
| 610 |
1 |
|
|a деловые беседы
|
| 610 |
1 |
|
|a публичные выступления
|
| 610 |
1 |
|
|a деловые письма
|
| 610 |
1 |
|
|a деловые совещания
|
| 610 |
1 |
|
|a тесты
|
| 610 |
1 |
|
|a учебные пособия
|
| 610 |
1 |
|
|a вербальное общение
|
| 610 |
1 |
|
|a невербальное общение
|
| 610 |
1 |
|
|a конфликтогенные особенности
|
| 610 |
1 |
|
|a коммуникативные барьеры
|
| 610 |
1 |
|
|a телефонные переговоры
|
| 610 |
1 |
|
|a тренинги
|
| 610 |
1 |
|
|a упражнения
|
| 686 |
|
|
|a У9(2)212.8я73
|v LBC/SL-A
|2 rubbk
|
| 686 |
|
|
|a Ю953я73
|v LBC/SL-A
|2 rubbk
|
| 700 |
|
1 |
|a Измайлова
|b М. А.
|g Марина Алексеевна
|
| 801 |
|
1 |
|a RU
|b 63413507
|c 20081126
|g PSBO
|
| 801 |
|
2 |
|a RU
|b 63413507
|c 20220301
|g PSBO
|
| 900 |
|
|
|a Деловое общение
|
| 900 |
|
|
|a Деловой этикет
|
| 900 |
|
|
|a Современные технологии общения
|
| 942 |
|
|
|c BK
|
| 959 |
|
|
|a 112/20081124
|d 2
|e 99,00
|f АНЛ:1
|f ЧЗГЛ:1
|
| 959 |
|
|
|a 54/20090422
|d 1
|e 121,00
|f АНЛ:1
|